| 000 | 00669nam a2200169 a 4500 | ||
|---|---|---|---|
| 001 | 000043462 | ||
| 005 | 20201002040932.0 | ||
| 008 | 140318s2013 dr a 000 0 spa d | ||
| 040 |
_aDO-SdBNP _bspa _cBNPHU |
||
| 111 | 2 |
_aConferencia del Superintendente de Pensiones _d(2013 : 11 dic. _cSanto Domingo ) _971148 |
|
| 245 | 1 | 0 |
_aPasado, presente y futuro del Sistema de Pensiones en República Dominicana / _cJoaquín Gerónimo. |
| 260 |
_aSanto Domingo : _bSIPEN, _c2013. |
||
| 300 |
_a34 p. : _bil. ; _c22 cm. |
||
| 500 | _aAño del bicentenario del Juan Pablo Duarte | ||
| 700 | 1 |
_aGerónimo, Joaquín _9676 |
|
| 710 | 2 |
_aSistema de Pensiones en República Dominicana _971149 |
|
| 999 |
_c42951 _d42951 |
||